00286nam a22001097a 4500008004100000020001800041041000800059080001100067100000600078101000800084245008400092180216b xxu||||| |||| 00| 0 eng d a9781405122764 aeng a616.34 a9 agas aclinical pancreatology for gastroenterologists and surgeonsc002-2997288